Secretarial Practice:
Secretarial Precedents' contains a comprehensive set of precedents and forms dealing with every aspect of company law and practice.
Saved in:
| 主要作者: | |
|---|---|
| 其他作者: | |
| 格式: | 图书 |
| 出版: |
New Delhi;
Vikas publishing house PVT ltd.,
1985.
|
| 版: | 7d ed. |
| 丛编: | Secretarial practice
|
| 主题: | |
| 标签: |
添加标签
没有标签, 成为第一个标记此记录!
|
MARC
| LEADER | 00000cam a22000001 4500 | ||
|---|---|---|---|
| 005 | 20260417154526.0 | ||
| 020 | |a Non |c 2125 TSH | ||
| 040 | |a MCC |b eng | ||
| 082 | |a 651.374 | ||
| 100 | 1 | |a Bagrial, Ashok K | |
| 245 | 1 | 0 | |a Secretarial Practice: |c Ashok K. Bagrial |
| 250 | |a 7d ed. | ||
| 260 | |a New Delhi; |b Vikas publishing house PVT ltd., |c 1985. | ||
| 300 | |a xxii,612p. |c 25 cm. |b ills, | ||
| 440 | |a Secretarial practice | ||
| 504 | |a Includes Bibliographic informations | ||
| 520 | |a Secretarial Precedents' contains a comprehensive set of precedents and forms dealing with every aspect of company law and practice. | ||
| 546 | |a eng, | ||
| 650 | |a Company Secretary. | ||
| 700 | 1 | |a Ashok K Bagrial |d 1990. | |
| 942 | |c BK | ||
| 999 | |c 12676 |d 12676 | ||